000 00789cam a22002654 4500
999 _c35489
_d35489
001 7165399
003 AR-RgUNPA
005 20260310103805.0
008 721026s1970 sp grb 000 1 spa
010 _a 77287214
035 _a7165399
035 _a(OCoLC)478112
040 _aSIUNPA
_cSIUNPA
_bspa
_eAACR2
044 _aag
050 0 0 _aPQ7776
_b.Y3
080 _a821.134.2(82) S495s
245 1 0 _a70 años de narrativa argentina
_c: 1900-1970
_b/ prólogo, selección y notas de Roberto Yahni.
260 _aMadrid,
_bAlianza Editorial
_c, 1970
300 _a212 p.
490 0 _a(El Libro de bolsillo. Sección: Literatura
_v; 267)
650 0 _aLITERATURA ARGENTINA
650 0 _aCUENTO
700 _4, pról., selección y notas de
_aYahni, Roberto
942 _2udc
_cBK